Effect of intercropping pattern and phosphorus fertilizer rate on growth, yield, active ingredients and some competitive indices of dill and fenugreek plants (Record no. 61592)

MARC details
000 -LEADER
fixed length control field 02664cab a2200337Ia 45 0
001 - CONTROL NUMBER
control field u212887
003 - CONTROL NUMBER IDENTIFIER
control field SIRSI
008 - FIXED-LENGTH DATA ELEMENTS--GENERAL INFORMATION
fixed length control field 101023s2016 ua ss b eng d
040 ## - CATALOGING SOURCE
Original cataloging agency EAL
041 ## - LANGUAGE CODE
Language code of text/sound track or separate title eng
Language code of summary or abstract ara
090 ## - LOCALLY ASSIGNED LC-TYPE CALL NUMBER (OCLC); LOCAL CALL NUMBER (RLIN)
Classification number (OCLC) (R) ; Classification number, CALL (RLIN) (NR) ART MJAR V41 No1 Pt1 11
100 1# - MAIN ENTRY--PERSONAL NAME
Personal name AbdelKader, M. A. I.
240 10 - UNIFORM TITLE
Uniform title Minufiya journal of agricultural research, 2016 v.41 (1)
Number of part/section of a work Part 1
Medium [electronic resource].
245 10 - TITLE STATEMENT
Title Effect of intercropping pattern and phosphorus fertilizer rate on growth, yield, active ingredients and some competitive indices of dill and fenugreek plants
Medium [electronic resource].
246 15 - VARYING FORM OF TITLE
Title proper/short title تأثير نظام التحميل ومعدل السماد الفوسفاتى على النمو والمحصول والمواد الفعالة وبعض العلاقات التنافسية لنباتات الشبت والحلبة.
300 ## - PHYSICAL DESCRIPTION
Extent P.141-160.
504 ## - BIBLIOGRAPHY, ETC. NOTE
Bibliography, etc. note Includes references.
520 ## - SUMMARY, ETC.
Summary, etc. The present work was conducted at the Experimental Farm, Faculty of Agriculture (Ghazala Farm), Zagazig University during two seasons of 2012/2013 and 2013/2014. The effect of intercropping patterns of dill and fenugreek at ratios of 1:1, 1:2, 2:1 and 2:2 on alternative rows in comparison with sole cropped of each species and different phosphorus fertilization rates (0. 0, 30 and 45 P20s kg/feddan) and their combination treatments on growth, yield components, active ingredients as well as some competitive indices of both tested crops were studied. Application of 45 P205 kg/feddan caused significant increase in all of the measured parameters of dill and fenugreek over the other rates under study. lntercropping pattern 1:2 (dill:fenugreek), in most cases, significantly (p?0.05) increased the recorded growth parameters, yield components, trigonilline content of fenugreek and volatile oil percentage and yield per plant of dill fruits as well as competition indices of the two components in the two seasons, whereas all intercropping patterns significantly (p?O.05) decreased seed, fruit and oil yield per feddan compared to sole stands (control). Key words: Dill, Fenugreek, lntercropping patterns, Phosphorus, Competitive indices.
546 ## - LANGUAGE NOTE
Language note Summary in Arabic.
596 ## -
-- 1
650 #0 - SUBJECT ADDED ENTRY--TOPICAL TERM
Topical term or geographic name entry element Fenugreek
General subdivision Growth
650 #0 - SUBJECT ADDED ENTRY--TOPICAL TERM
Topical term or geographic name entry element Fenugreek
General subdivision Yields.
650 #0 - SUBJECT ADDED ENTRY--TOPICAL TERM
Topical term or geographic name entry element Fenugreek
General subdivision Fertilizers.
650 #0 - SUBJECT ADDED ENTRY--TOPICAL TERM
Topical term or geographic name entry element Dill
General subdivision Growth
650 #0 - SUBJECT ADDED ENTRY--TOPICAL TERM
Topical term or geographic name entry element Dill
General subdivision Yields.
650 #0 - SUBJECT ADDED ENTRY--TOPICAL TERM
Topical term or geographic name entry element Dill
General subdivision Fertilizers.
650 #0 - SUBJECT ADDED ENTRY--TOPICAL TERM
Topical term or geographic name entry element Phosphatic fertilizers.
700 1# - ADDED ENTRY--PERSONAL NAME
Personal name Hassan, H. M. S.
773 0# - HOST ITEM ENTRY
Title Minufiya Journal of Agricultural Research.
Related parts 2016.v.41(1)
Note Part 1
International Standard Serial Number 1110-0265
Control subfield nnas
Record control number u158151
856 40 - ELECTRONIC LOCATION AND ACCESS
Uniform Resource Identifier <a href="http://nile.enal.sci.eg/EALE/2016/MJAR/4116/1p1/141.pdf">http://nile.enal.sci.eg/EALE/2016/MJAR/4116/1p1/141.pdf</a>
Public note Full Text Article
942 ## - ADDED ENTRY ELEMENTS (KOHA)
Koha item type Articles
Source of classification or shelving scheme Library of Congress Classification
Holdings
Withdrawn status Lost status Source of classification or shelving scheme Damaged status Not for loan Home library Current library Date acquired Total Checkouts Full call number Date last seen Price effective from Koha item type
    Alphabetical Classification     Main Main 12/11/2019   ART MJAR V41 No1 Pt1 11 12/11/2019 12/11/2019 Articles

Home | About ENAL | Collections | Services | Activities | Calendar | Contact us

7 Nadi El Sayed St., Giza, Egypt | Phone:02-33351121 +02-33351313 | 
| Email: enalegypt@gmail.com